书目信息 |
| 题名: |
台湾秘闻
|
|
| 作者: | 赵俊涛 编著 | |
| 分册: | ||
| 出版信息: | 北京 台海出版社 2011.05 |
|
| 页数: | 279页 | |
| 开本: | 25cm | |
| 丛书名: | ||
| 单 册: | ||
| 中图分类: | D618 | |
| 科图分类: | ||
| 主题词: | 台湾问题--1949-1979--史料 , 台湾问题 | |
| 电子资源: | ||
| ISBN: | 978-7-80141-792-3 | |
| 000 | 00802nam0 2200241 45 | |
| 001 | 512 | |
| 005 | 20120531151737.73 | |
| 010 | @a978-7-80141-792-3@dCNY36.00 | |
| 100 | @a20120328d2011 em y0chiy50 ea | |
| 101 | 0 | @achi |
| 102 | @aCN@b110000 | |
| 105 | @aa z 000yy | |
| 106 | @ar | |
| 200 | 1 | @a台湾秘闻@ATai Wan Mi Wen@f赵俊涛编著@FZhao Jun Tao Bian Zhu |
| 210 | @a北京@c台海出版社@d2011.05 | |
| 215 | @a279页@c图@d25cm | |
| 330 | @a本书以纪实的笔触,讲述了从1949年新中国成立、国民党败退台湾到1979年元旦中共中央发布《告台湾同胞书》、宣布停止炮轰大小金门之间,国共双方在政治、军事等领域的较量。 | |
| 606 | 0 | @a台湾问题@z1949-1979@x史料 |
| 606 | 0 | @a台湾问题 |
| 690 | @aD618@v4 | |
| 701 | 0 | @a赵俊涛@AZhao Jun Tao@4编著 |
| 801 | 0 | @aCN@bTSTCL@c20120328 |
| 905 | @b0813170-74@dD618@e139@f5 | |
| 台湾秘闻/赵俊涛编著.-北京:台海出版社,2011.05 |
| 279页:图;25cm |
| ISBN 978-7-80141-792-3:CNY36.00 |
| 本书以纪实的笔触,讲述了从1949年新中国成立、国民党败退台湾到1979年元旦中共中央发布《告台湾同胞书》、宣布停止炮轰大小金门之间,国共双方在政治、军事等领域的较量。 |
| ● |
| 相关链接 |
|
|
|
|
正题名:台湾秘闻
索取号:D618/139
 
预约/预借
| 序号 | 登录号 | 条形码 | 馆藏地/架位号 | 状态 | 备注 |
| 1 | 0813170 | 208131706 | 第一样本阅览室/ [索取号:D618/139] | 在馆 | |
| 2 | 0813171 | 208131715 | 第一借阅区/ [索取号:D618/139] | 在馆 | |
| 3 | 0813172 | 208131724 | 第一借阅区/ [索取号:D618/139] | 在馆 | |
| 4 | 0813173 | 208131733 | 第一借阅区/ [索取号:D618/139] | 在馆 | |
| 5 | 0813174 | 208131742 | 第一借阅区/ [索取号:D618/139] | 在馆 |